An integrated approach to business studies / (Record no. 2184)
[ view plain ]
| 000 -LEADER | |
|---|---|
| fixed length control field | 00576nam a22002177a 4500 |
| 003 - CONTROL NUMBER IDENTIFIER | |
| control field | OSt |
| 005 - DATE AND TIME OF LATEST TRANSACTION | |
| control field | 20140310181726.0 |
| 008 - FIXED-LENGTH DATA ELEMENTS--GENERAL INFORMATION | |
| fixed length control field | 130308t xxu||||| |||| 00| 0 eng d |
| 020 ## - INTERNATIONAL STANDARD BOOK NUMBER | |
| International Standard Book Number | 0582405424 |
| 050 ## - LIBRARY OF CONGRESS CALL NUMBER | |
| Classification number | HF 1106 |
| Item number | .J59 2004 |
| 082 ## - DEWEY DECIMAL CLASSIFICATION NUMBER | |
| Classification number | IB 650 |
| Item number | J54 2000 |
| 100 ## - MAIN ENTRY--PERSONAL NAME | |
| Personal name | Jewell. Bruce R. |
| 245 ## - TITLE STATEMENT | |
| Title | An integrated approach to business studies / |
| Statement of responsibility, etc | Bruce R. Jewell. |
| 250 ## - EDITION STATEMENT | |
| Edition statement | 4th ed. |
| 260 ## - PUBLICATION, DISTRIBUTION, ETC. (IMPRINT) | |
| Place of publication, distribution, etc | London : |
| Name of publisher, distributor, etc | Pitman , |
| Date of publication, distribution, etc | c2004. |
| 300 ## - PHYSICAL DESCRIPTION | |
| Dimensions | 25 cm. |
| Extent | 188 p. : |
| 562 ## - COPY AND VERSION IDENTIFICATION NOTE | |
| Number of copies | 1 |
| 650 ## - SUBJECT ADDED ENTRY--TOPICAL TERM | |
| Topical term or geographic name as entry element | Business management. |
| 942 ## - ADDED ENTRY ELEMENTS (KOHA) | |
| Source of classification or shelving scheme | Library of Congress Classification |
| Koha item type | Books |
| Edition | 4th ed. |
| Withdrawn status | Lost status | Source of classification or shelving scheme | Damaged status | Home library | Current library | Shelving location | Date acquired | Total Checkouts | Total Renewals | Full call number | Barcode | Date last seen | Date checked out | Copy number | Price effective from | Koha item type |
|---|---|---|---|---|---|---|---|---|---|---|---|---|---|---|---|---|
| Library of Congress Classification | Luxembourg Library | Luxembourg Library | International Baccalaureate Section | 03/08/2013 | 2 | 100 | HF 1106 .J59 2004 | 14036 | 11/28/2017 | 06/10/2017 | 1 | 10/03/2013 | Books |